000 006220000a22001930004500
090 _aAR
_b00539
245 1 0 _aEffect of harvest on leaf development of the Asian Palm Livistona rotundifolia
650 1 4 _aCultivo de Palma
_993575
650 1 4 _aSilvicultura
_993264
650 1 4 _aManejo sostenible
_992592
650 1 4 _aBiología
_992
651 4 _lSulawesi del norte
_pIndonesia
_992749
653 _gLivistona
_eLivistona rotundifolia
041 0 _aInglés
700 1 _aKinnaird, Margaret F.
_993576
100 1 _aO'Brien, Timothy G.
_993577
942 _cARTICULO
773 1 _tConservation Biology
_324
_h1
_q53-58
_d1996
_g10
999 _c9634
_d9634